[Event "Asian Zonal 3.3 2019"]
[Site "Ulaanbaatar"]
[Date "2019.04.13"]
[Round "7.14"]
[White "Batbold, Nyamsuren"]
[Black "Miciano, John Marvin"]
[Result "0-1"]
[WhiteElo "1809"]
[BlackElo "2339"]
[Annotator "TA"]
[PlyCount "102"]
[EventDate "2019.04.07"]
[EventType "swiss"]
[EventRounds "9"]
[EventCountry "MGL"]
[SourceTitle "playchess.com"]
[Source "ChessBase"]
[SourceQuality "1"]

{[%evp 16,102,57,43,65,25,57,0,13,18,6,-6,6,0,0,-24,0,-8,26,0,0,0,0,-56,-63,-60,-51,-60,-60,-72,-50,-60,-60,-93,-57,-104,-119,-290,-287,-276,-144,-140,-140,-152,-140,-139,-67,-85,-25,-74,-15,-22,-19,-76,-64,-73,-68,-110,-100,-72,-38,-102,-110,-118,-114,-162,-167,-169,-165,-160,-165,-222,-158,-252,-210,-187,-188,-187,-117,-113,-95,-432,-446,-565,-554,-1187,-624,-1300,-1261]} 1. d4 g6 2. c4 Bg7 3. Nc3 d6 4. e4 Nf6 5. Bd3 O-O 6. Nge2 Na6 7. O-O c5 8. d5 Nc7 9. h3 a6 {E70: King's Indian: Miscellaneous lines with 4 e4, including 5 Nge2 and 5 Bd3 0-0 6 Nge2} 10. Ng3 (10. a4 Rb8 11. Rb1 e6 12. Bg5 h6 13. Be3 exd5 14. cxd5 Re8 15. b4 Nd7 16. Qd2 Kh7 17. a5 {0-1 (48) Leitao,R (2558)-Matsuura,E (2450) Sao Paulo 2002}) 10... e6 11. f4 $146 (11. Bg5 $14) ({Predecessor:} 11. a4 Rb8 12. Be3 Nd7 13. Qd2 exd5 14. exd5 Ne5 15. Be2 f5 16. f4 Nd7 17. Bd3 {½-½ (45) Sulyok,M (2220)-Ganaus,H (2260) Austria 1998}) 11... exd5 {The position is equal.} 12. cxd5 b5 {[%cal Bb7b5,Bb5b4][%mdl 32]} 13. Qf3 Rb8 14. Rb1 Nd7 15. Be3 Bb7 16. Rfd1 Kh8 17. Bc2 b4 18. Nce2 Re8 19. Nf1 (19. Bf2 $11) 19... Qe7 $15 20. Neg3 Nb5 21. Re1 Rec8 22. Nh2 c4 23. Ne2 Nc5 24. Bxc5 $1 Rxc5 25. f5 c3 26. b3 $2 {[#]} (26. bxc3 $17 Na3 27. Bd3 Nxb1 28. cxb4) 26... Na3 $19 27. Rbc1 Bh6 (27... Nxc2 $19 28. Rxc2 Re8) 28. f6 $17 Qf8 29. Nf4 Bg5 30. Ng4 Nxc2 ({Better is} 30... a5 $17 31. g3 Bc8) 31. Rxc2 $15 h5 (31... a5 $17 32. g3 Bc8) 32. Nf2 Re8 ({Black should try} 32... Qh6 $17 33. N4d3 Rb5) 33. N2d3 $11 Rb5 34. Ne2 (34. Nxh5 $11 {keeps the balance.} gxh5 35. h4) 34... a5 $17 35. Nd4 Rb6 36. g4 h4 37. Qf2 {[#] And now Nf3 would win.} Ra6 38. Nf3 (38. a3 $15 bxa3 39. Rxc3) 38... Bxf6 39. g5 Bg7 40. Nxh4 Kg8 41. Nf3 Qe7 42. h4 Qd7 {...Qg4+ is the strong threat.} 43. Qg2 (43. Qg3 $142) 43... Bc8 44. Ree2 (44. Qg3 $17 {was called for.}) 44... Qg4 45. Qxg4 Bxg4 46. Kf2 Rb8 (46... Bc8 $19 47. Rc1 Ra7) 47. Re1 Bd7 48. e5 $2 {[%mdl 8192]} (48. Ke3 $17 {is more resistant.}) 48... Bf5 $19 {Black is clearly winning.} 49. Re3 dxe5 50. Ree2 Rc8 51. Kf1 e4 {Accuracy: White = 28%, Black = 48%.} 0-1

[Event "Asian Zonal 3.3 2019"]
[Site "Ulaanbaatar"]
[Date "2019.04.13"]
[Round "7.15"]
[White "Anand, Batsukh"]
[Black "Chinguun, Sumiya"]
[Result "1/2-1/2"]
[WhiteElo "1771"]
[BlackElo "2250"]
[Annotator "RC"]
[PlyCount "61"]
[EventDate "2019.04.07"]
[EventType "swiss"]
[EventRounds "9"]
[EventCountry "MGL"]
[SourceTitle "playchess.com"]
[Source "ChessBase"]
[SourceQuality "1"]
[TimeControl "40/5400+30:1800+30"]

1. Nf3 Nf6 2. b3 d6 3. d4 g6 4. Bb2 Bg7 5. g3 O-O 6. Bg2 c6 7. O-O a5 8. a4 h6 9. Nbd2 Be6 10. e4 Qc8 11. Re1 Bh3 12. Qe2 Bxg2 13. Kxg2 Ne8 14. Nc4 Qd8 15. Rad1 Nc7 16. Qd2 d5 17. exd5 Nxd5 18. Ne3 Nxe3+ 19. Qxe3 e6 20. Ba3 Re8 21. Ne5 b5 22. Qf3 Qd5 23. c4 Qxf3+ 24. Kxf3 Bxe5 25. dxe5 bxa4 26. bxa4 Na6 27. Bd6 Nb4 28. c5 Ra7 29. Rb1 Kg7 30. Kg2 Rd8 31. Rb3 1/2-1/2

[Event "Asian Zonal 3.3 2019"]
[Site "Ulaanbaatar"]
[Date "2019.04.13"]
[Round "7.16"]
[White "Surya, Wahyudi"]
[Black "Baasansuren, Erdene"]
[Result "1/2-1/2"]
[WhiteElo "2197"]
[BlackElo "2199"]
[Annotator "TA"]
[PlyCount "111"]
[EventDate "2019.04.07"]
[EventType "swiss"]
[EventRounds "9"]
[EventCountry "MGL"]
[SourceTitle "playchess.com"]
[Source "ChessBase"]
[SourceQuality "1"]

{[%evp 14,111,11,13,22,-20,-8,-37,-22,-23,0,0,0,0,18,18,109,108,108,26,112,113,113,113,113,112,99,109,100,100,103,87,85,88,129,58,57,58,58,59,62,57,73,59,56,64,91,89,90,83,101,100,93,88,85,87,114,59,59,48,58,50,79,85,141,143,231,231,231,231,231,234,249,0,249,225,231,231,234,239,329,329,279,59,59,58,329,77,92,89,77,58,58,0,0,0,0,0,0,7]} 1. d4 d5 2. Nf3 Nf6 3. c4 e6 4. Nc3 a6 5. cxd5 exd5 6. Bg5 {D37: Queen's Gambit Declined: 5 Bf4} Be6 7. Qb3 (7. e3 Nbd7 8. Bd3 h6 9. Bf4 g5 10. Bg3 Nh5 11. Be5 Nhf6 12. Bg3 Nh5 13. Ne2 Nxg3 14. Nxg3 {1-0 (61) Leko,P (2679)-Caruana,F (2832) Germany 2019}) 7... b5 8. e3 {LiveBook: 3 Games} c5 9. Be2 $146 {[%cal Bf1e2,Be2f3,Bf3d5][%mdl 32]} (9. Bxf6 $5 gxf6 10. Be2 $11) ({Predecessor:} 9. Qc2 c4 10. a3 Be7 11. Ne5 Nfd7 12. Bf4 Nxe5 13. dxe5 d4 14. exd4 Qxd4 {0-1 (44) Melkumyan,H (2670)-Maghsoodloo,P (2688) St Petersburg 2018}) 9... c4 10. Qd1 Be7 11. Ne5 Nfd7 12. Bxe7 Qxe7 13. Bf3 $36 {[%mdl 2048] White has good play.} Qd6 (13... Nxe5 {feels hotter.} 14. dxe5 Nd7 15. Qd4 Rd8 16. Rd1 O-O) 14. O-O {e4 is the strong threat.} Nxe5 (14... Ra7 $11) 15. dxe5 $16 Qxe5 16. Nxd5 (16. a4 $1 $16) 16... Bxd5 (16... Ra7 $11 {remains equal.}) 17. Qxd5 Qxd5 18. Bxd5 Ra7 19. a4 {Black must now prevent axb5.} Rc7 20. axb5 axb5 21. Ra5 Rc5 22. e4 O-O 23. Ra7 b4 24. Rb7 (24. f4 $16) 24... Na6 $1 $14 25. Rb6 Nc7 26. Rxb4 Nxd5 27. exd5 {[%mdl 4096] Endgame KRR-KRR} g6 28. Rd1 Rd8 29. g3 Rcxd5 30. Rxd5 Rxd5 31. Rxc4 {KR-KR} Rd2 32. Rb4 Kg7 33. Rb7 g5 34. h3 Kg6 35. Kg2 ({White should try} 35. b4 $1 $16) 35... h5 36. Kf3 Rc2 37. b4 Rb2 38. b5 f6 ({Black should play} 38... Rb3+ 39. Ke4 h4) 39. g4 Rb3+ (39... Rb4 $16 40. gxh5+ Kxh5) 40. Kg2 $1 $18 hxg4 41. hxg4 Rb2 42. Rb8 Kg7 43. Rb7+ Kg6 44. Kf1 Rb4 45. f3 $1 f5 46. Rb6+ Kf7 47. gxf5 Rf4 {[#]} 48. Kg2 $2 (48. Rb7+ $1 $18 Kf6 49. Ke2) 48... Rxf5 $14 49. Kg3 Rf4 $2 {[%mdl 8192] [#]} (49... Ke7 $14) 50. Rc6 $2 (50. Rb8 $1 $18 {and the rest is easy.}) 50... Rb4 $16 51. b6 Kg7 52. Rc7+ Kf6 53. b7 (53. Rb7 $14 Ke5 54. Re7+ Kd6 55. Rg7) 53... Rb2 $11 {The position is equal.} 54. Kg4 Rb4+ 55. Kh3 Rb2 56. Kg3 {Precision: White = 42%, Black = 45%.} 1/2-1/2

[Event "Asian Zonal 3.3 2019"]
[Site "Ulaanbaatar"]
[Date "2019.04.13"]
[Round "7.17"]
[White "Galmandakh, Badrakh"]
[Black "Bulgankhan, Ganzorig"]
[Result "1/2-1/2"]
[WhiteElo "2222"]
[BlackElo "1936"]
[Annotator "TA"]
[PlyCount "70"]
[EventDate "2019.04.07"]
[EventType "swiss"]
[EventRounds "9"]
[EventCountry "MGL"]
[SourceTitle "playchess.com"]
[Source "ChessBase"]
[SourceQuality "1"]

{[%evp 9,70,10,33,7,16,-26,4,5,17,19,30,7,14,0,29,0,0,-17,0,-19,-16,-21,-8,-10,4,-7,-11,-9,-20,-31,-32,-13,-27,-31,-24,-18,-9,-106,-66,-251,-29,-95,25,0,0,-42,-45,-39,0,0,0,-217,0,0,0,0,0,0,0,0,0,0,0]} 1. d4 Nf6 2. Nf3 c5 3. c3 g6 4. Bf4 Bg7 5. e3 O-O 6. Nbd2 {A48: 1 d4 Nf6 2 Nf3 g6: Torre, London and Colle Systems} d6 7. Be2 Nc6 8. O-O Bf5 (8... b6 9. h3 Bb7 10. a4 Rc8 11. Bh2 Re8 12. Bd3 a6 13. Qe2 cxd4 14. exd4 e5 15. dxe5 dxe5 16. Ne4 Nxe4 17. Bxe4 f5 18. Rfd1 {1-0 (27) Karjakin,S (2783)-Nepomniachtchi,I (2751) chess.com INT 2017}) 9. h3 Rc8 10. Nh4 Bd7 11. Nhf3 Bf5 12. Qb3 e5 $146 ({Predecessor:} 12... Na5 13. Qa3 cxd4 14. exd4 a6 15. Rfe1 Be6 16. Rac1 Nc4 17. Bxc4 Bxc4 18. Nxc4 Rxc4 {1-0 (36) Zhukova,N (2260)-Houli,H Szeged 1994}) 13. Bg5 exd4 14. exd4 cxd4 15. Nxd4 Nxd4 16. cxd4 h6 17. Be3 Be6 $36 {[%mdl 2048] Black has the initiative.} 18. Qxb7 Nd5 19. Nf3 Rb8 20. Qxa7 Rxb2 21. Rfe1 Nxe3 22. fxe3 Bd5 23. a4 (23. Bd1 $11 {remains equal.}) 23... Re8 {[%mdl 1024] Black has strong compensation.} 24. Ra3 $2 ({White has to play} 24. Rab1 $1 $15 Re7 25. Qa6 Rxb1 26. Rxb1) 24... f5 $2 (24... Bb7 $1 $19 25. Rc3 Re7) 25. Rc3 {[#]} (25. Qa6 $1 $11 {keeps the balance.}) 25... f4 (25... Bb7 $1 $17 {Threatens to win with ...Kh7.} 26. Rc2 Rxc2 27. Qxb7 Rc3 28. Bc4+ Kh7) 26. Rc7 Qf6 27. Qa5 Bxf3 28. Bxf3 Rxe3 29. Qd5+ Kh7 30. Rd1 $2 {[#]} (30. Rf1 $11 {and White stays safe.}) 30... Re7 $2 ({Better is} 30... Qh4 $1 $19 {( -> ...Re1+)} 31. Qa5 (31. Qf7 {leads to mate.} Re1+ 32. Rxe1 Qxe1+ 33. Kh2 Qg3+ 34. Kh1 Rb1+ 35. Rc1 Rxc1+ 36. Bd1 Rxd1#) 31... h5) 31. Rxe7 {The position is equal.} Qxe7 32. a5 {Kh2 is the strong threat.} Rd2 {[%mdl 64] White must now prevent ...Rxd1+. Decoy} 33. Rxd2 Qe1+ {[%mdl 64] Double Attack} 34. Kh2 Qg3+ 35. Kg1 Qe1+ {[%mdl 64] Double Attack. Accuracy: White = 21%, Black = 48%.} 1/2-1/2

[Event "Asian Zonal 3.3 2019"]
[Site "Ulaanbaatar"]
[Date "2019.04.13"]
[Round "7.18"]
[White "Erkhes, Bayartnar"]
[Black "Dang, Hoang Son"]
[Result "0-1"]
[WhiteElo "1778"]
[BlackElo "2367"]
[Annotator "TA"]
[PlyCount "44"]
[EventDate "2019.04.07"]
[EventType "swiss"]
[EventRounds "9"]
[EventCountry "MGL"]
[SourceTitle "playchess.com"]
[Source "ChessBase"]
[SourceQuality "1"]

{[%evp 11,44,27,31,19,45,8,25,0,0,-35,-22,-37,-37,-51,-68,-74,-79,-76,-68,-177,-176,-262,-237,-237,-227,-270,-270,-256,-267,-375,-389,-467,-460,-638,-625]} 1. e4 c5 2. Nf3 Nc6 3. Bb5 Nf6 4. Bxc6 dxc6 5. d3 Qc7 (5... Nd7 6. e5 Nb6 7. Nbd2 Bf5 8. Qe2 e6 9. h3 Be7 10. Ne4 h6 11. O-O a5 12. Be3 Nd7 {½-½ (29) Amin,B (2684)-Rapport,R (2719) Abu Dhabi 2018}) 6. O-O {B30: Sicilian: 2...Nc6 3 Bb5, lines without ...g6} e5 {LiveBook: 6 Games} 7. h3 h6 8. Be3 {White is slightly better.} Be7 9. Nbd2 $146 ({Predecessor:} 9. Qd2 Be6 10. Qc3 Nd7 11. a4 b6 {1-0 (91) Vazquez Moreno,J (2104)-Singhai,N (1904) Barcelona 2015}) 9... Be6 10. Qe2 g5 11. Nh2 O-O-O 12. a3 Rdg8 13. b4 g4 14. hxg4 Nxg4 15. Qf3 (15. Bxc5 $15 Bxc5 16. bxc5) 15... Nxe3 $19 ({Don't take} 15... cxb4 16. Nxg4 Bxg4 17. Qxf7 $17) 16. fxe3 (16. Qxe3 $142 Bg5 17. Qe2) 16... Rg6 17. Kh1 Rhg8 ({Don't play} 17... cxb4 18. axb4 Kb8 19. c3) 18. Rg1 cxb4 19. axb4 Bxb4 20. Ndf1 (20. Qf2 {is a better defense.}) 20... a5 21. d4 Bc3 22. Ra3 exd4 {Precision: White = 25%, Black = 72%.} 0-1

[Event "Asian Zonal 3.3 2019"]
[Site "Ulaanbaatar"]
[Date "2019.04.13"]
[Round "7.19"]
[White "Boldoo, Erdenepurev"]
[Black "Amgalanbaatar, Ravdanlkhumbuu"]
[Result "1-0"]
[WhiteElo "2334"]
[BlackElo "2081"]
[Annotator "TA"]
[PlyCount "55"]
[EventDate "2019.04.07"]
[EventType "swiss"]
[EventRounds "9"]
[EventCountry "MGL"]
[SourceTitle "playchess.com"]
[Source "ChessBase"]
[SourceQuality "1"]

{[%evp 9,55,103,106,96,118,127,105,70,90,31,43,0,92,65,77,52,77,62,83,100,98,64,58,64,203,208,184,200,203,191,279,277,272,193,256,239,247,222,250,227,414,420,406,401,1134,1106,29992,29993]} 1. d4 d6 2. Nf3 Bg4 3. e4 Nf6 4. Nc3 Nbd7 (4... e6 5. Bd3 Be7 6. h3 Bh5 7. Qe2 a6 8. g4 Bg6 9. h4 d5 10. h5 Bxe4 11. Nxe4 dxe4 12. Bxe4 c6 {1-0 (80) Tomashevsky,E (2758)-Petrosian,T (2625) Berlin 2015}) 5. h3 Bxf3 6. Qxf3 {A41: 1 d4 d6: Tartakower System and Modern Defence} e5 7. Be3 g6 8. Bc4 {White is better.} Bg7 9. Bb3 (9. d5 $16) 9... O-O 10. O-O h6 $146 (10... Ng4 $11) ({Predecessor:} 10... a6 11. Qe2 b5 {1-0 (32) Falcon Diaz,F-Perez Sauca,M Galdar 2010}) 11. Rad1 $36 {[%mdl 2048] White has the initiative.} Qe7 12. Qg3 {Qxg6 is the strong threat.} Kh7 13. dxe5 dxe5 14. Nd5 Nxd5 15. Bxd5 c6 16. Bb3 Nc5 {[#]} ({Black should try} 16... a5 $14) 17. Bxc5 $1 $18 {[%mdl 64] Overworked Piece} Qxc5 18. Rd7 {[%mdl 64] Double Attack} Qb4 19. Qd3 ({Don't take} 19. Rxf7 $6 Rxf7 20. Bxf7 Qxe4 $14) 19... Kg8 (19... Bf6 $142 20. c3 (20. Bxf7 Rad8 $16) 20... Qb6) 20. c3 Qb6 21. Qf3 c5 (21... Kh8 {might work better.} 22. Rfd1 (22. Rxf7 a5 $16) 22... Rac8) 22. Bxf7+ Kh8 23. Qg4 g5 24. Rfd1 Qxb2 $2 (24... Rad8 {was worth a try.} 25. Rxd8 Rxd8 26. Rxd8+ Qxd8) 25. h4 gxh4 26. Qxh4 Qxc3 (26... Qb6 $142 27. R7d6 Qxd6 28. Rxd6 Rxf7) 27. Be6 {[#] White wants to mate with Qg4.} Rf4 28. Qe7 {Accuracy: White = 60%, Black = 28%.} 1-0

[Event "Asian Zonal 3.3 2019"]
[Site "Ulaanbaatar"]
[Date "2019.04.13"]
[Round "7.20"]
[White "Chuluun, Gonchigdorj"]
[Black "Tengis, Tsog-Ochir"]
[Result "1/2-1/2"]
[WhiteElo "1982"]
[BlackElo "2207"]
[Annotator "TA"]
[PlyCount "77"]
[EventDate "2019.04.07"]
[EventType "swiss"]
[EventRounds "9"]
[EventCountry "MGL"]
[SourceTitle "playchess.com"]
[Source "ChessBase"]
[SourceQuality "1"]

{[%evp 26,77,19,17,19,0,10,0,0,0,15,27,63,35,125,110,118,96,102,32,49,17,27,33,25,0,27,27,27,27,60,27,27,27,27,29,37,0,0,0,0,0,0,43,148,0,0,0,268,0,0,0,152,0]} 1. e4 e5 2. Nf3 Nc6 3. d4 exd4 4. Nxd4 Nf6 5. Nc3 Bb4 6. Nxc6 bxc6 7. Bd3 d5 8. exd5 cxd5 9. O-O O-O 10. Bg5 c6 11. Qf3 h6 12. Bxf6 Qxf6 13. Qxf6 gxf6 14. Ne2 Re8 {C47: Scotch Four Knights and Four Knights with 4 g3} (14... Rb8 15. Rab1 Rb6 16. Ng3 Bd6 17. f4 Rd8 18. Nh5 Kf8 19. h3 c5 20. b3 Bc7 21. c4 dxc4 22. Bxc4 Rd4 {½-½ (50) Papp,G (2603)-Jumabayev,R (2604) Caleta 2019}) 15. a3 Bd6 16. b4 $146 ({Predecessor:} 16. Rfe1 Bg4 17. h3 Bh5 18. Ng3 Bxg3 19. fxg3 Bg6 20. Rxe8+ Rxe8 21. Rd1 a5 22. Kf2 Kf8 23. b3 Rd8 24. Ke3 Ke7 25. Kd4 {½-½ (25) Donnert,M (2135)-Kratochvil,M (2041) Czechia 2006}) 16... a5 {The position is equal.} 17. b5 c5 {And now ...c4 would win.} 18. c4 Bg4 {Threatens to win with ...dxc4.} 19. Nc3 d4 (19... dxc4 $14 20. Bxc4 Rab8) 20. Ne4 $1 $16 {[%cal Re4d6]} Be7 21. h3 Bd7 22. g4 (22. Ng3 $16) 22... h5 23. f3 f5 24. gxf5 Bxf5 25. Nf2 Bxd3 26. Nxd3 Bd6 27. Rfe1 Kg7 28. Rxe8 Rxe8 $14 {[%mdl 4096] Endgame KRB-KRN} 29. Re1 Rg8 30. Kf2 {aiming for Rg1+.} Kf6 {White must now prevent ...Bg3+.} 31. Re4 Kf5 32. a4 f6 33. Re2 Bg3+ 34. Kf1 Bf4 {[#]} (34... Bd6 $14) 35. Rg2 ({Reject} 35. Nxc5 $6 Rc8 $11) ({Only move:} 35. b6 $1 $16) 35... Re8 $1 $11 36. Re2 Be3 $2 {[%mdl 8192]} (36... Rg8 $1 $11 {and Black is okay.}) 37. Rg2 $2 ({Weaker is} 37. Nxc5 Kf4 $16) (37. Rb2 $18) 37... Bf4 $1 38. Re2 Rg8 $2 {[#]} (38... Be3 $11) 39. Rg2 $2 {Accuracy: White = 19%, Black = 44%.} ({Much worse is} 39. Nxc5 $6 Rc8 $14) (39. b6 $1 $16) 1/2-1/2

[Event "Asian Zonal 3.3 2019"]
[Site "Ulaanbaatar"]
[Date "2019.04.13"]
[Round "7.21"]
[White "Khin, Than"]
[Black "Gerelt-Od, Boldbaatar"]
[Result "1-0"]
[WhiteElo "2203"]
[BlackElo "1484"]
[Annotator "TA"]
[PlyCount "99"]
[EventDate "2019.04.07"]
[EventType "swiss"]
[EventRounds "9"]
[EventCountry "MGL"]
[SourceTitle "playchess.com"]
[Source "ChessBase"]
[SourceQuality "1"]

{[%evp 22,99,0,0,0,0,0,-3,-10,0,45,-27,-25,-142,-157,-128,-136,-141,-145,-138,-98,-144,-142,-140,-70,-70,-39,-291,-291,-266,-34,-37,-7,-67,0,-148,0,-79,139,133,282,289,287,248,281,241,307,225,250,256,248,247,229,210,273,234,424,401,490,332,428,411,369,365,29974,29975,29975,29975,29974,29974,29987,29988,29988,29989,29993,29994,29994,29994,29995,29990]} 1. d4 d5 2. c4 c6 3. Nf3 Nf6 4. e3 e6 5. Nc3 Nbd7 6. a3 Bd6 7. Bd3 dxc4 {D46: Semi-Slav: 5 e3 Nbd7 6 Bd3, Black avoids the Meran} (7... O-O 8. O-O h6 9. Bd2 Re8 10. Qc2 dxc4 11. Bxc4 e5 12. dxe5 Nxe5 13. Nxe5 Bxe5 14. h3 Bf5 15. Qxf5 Qxd2 16. Rab1 Qd7 17. Qc2 Rad8 18. Rfd1 Qe7 19. Ne2 Rxd1+ 20. Rxd1 Rd8 21. Rxd8+ {½-½ (21) Korobov,A (2698)-Gelfand,B (2673) St Petersburg 2018}) 8. Bxc4 b5 9. Bd3 a6 10. b4 a5 11. Rb1 Bb7 12. O-O {LiveBook: 14 Games} O-O 13. Bd2 Qe7 $146 {[%cal Ra5b4]} ({Predecessor:} 13... axb4 14. axb4 h6 15. Qc2 Nd5 16. Ne4 Bc7 17. Nc5 Nxc5 18. dxc5 Qf6 19. e4 {½-½ (36) Elissalt Cardenas,H (2366)-Serrano Salvador,E (2364) Madrid 2012}) 14. Ne4 Nxe4 15. Bxe4 Nb6 16. Bc3 (16. bxa5 $14 Nc4 17. Bb4) 16... Nc4 17. Qc1 {[#]} (17. Ra1 $11) 17... Nxa3 $1 $17 {[%mdl 512]} 18. Qxa3 {Strongly threatening Qb2.} axb4 19. Qb2 {[%cal Rc3b4]} bxc3 20. Qxc3 h6 21. Rfc1 Rfc8 22. Nd2 Ra3 ({Black should try} 22... c5 $17 23. Qb2 b4 24. dxc5 Rxc5 25. Rxc5 Bxc5) 23. Qc2 $15 Rca8 24. Nb3 $2 {[%mdl 8192]} (24. g3 $15) 24... Ra2 $1 $19 {[%cal Ra2c2]} 25. Qd3 Qc7 $2 (25... f5 $19 26. Bf3 c5 $1 {[%mdl 512]} 27. Bxb7 c4) 26. g3 b4 27. Qf1 (27. Nc5 $11) 27... R8a3 ({Black should play} 27... Ba6 $15 28. Qg2 Rc8) 28. Qg2 {[#]} (28. Qe1 $11) 28... Ra6 (28... f5 $1 $17 {[%cal Rf5e4]} 29. Bxc6 Ba6) 29. h4 (29. Nc5 $11 {keeps the balance.}) 29... Re2 $2 {[#]} (29... R6a3 $17 {stays on course.}) 30. Bd3 $1 $16 {[%cal Rd3a6]} Raa2 (30... Rea2 $16) 31. Bxe2 $18 Rxe2 32. Nc5 Bxc5 33. Rxc5 Qb6 34. Qf1 Ra2 35. Qc4 Ra4 36. Qb3 Qa6 37. h5 Ra2 38. Qc4 Ra1 $2 (38... Qxc4 {is a better defense.} 39. Rxc4 Ba6 40. Rxc6 (40. Rcxb4 Be2 $18) 40... Bb7) 39. Qxb4 e5 40. Qb2 Rxb1+ 41. Qxb1 exd4 42. exd4 {Black must now prevent Re5.} Qe2 $2 (42... Bc8 $18 43. Qb8 Kh7) 43. Qxb7 {[%mdl 4096] Endgame. White mates.} Qe1+ 44. Kg2 Qe4+ 45. Kh2 Qxd4 46. Qc8+ Kh7 47. Qf5+ g6 48. Qxf7+ Qg7 49. hxg6+ Kh8 50. Rxc6 {Precision: White = 49%, Black = 27%.} 1-0

[Event "Asian Zonal 3.3 2019"]
[Site "Ulaanbaatar"]
[Date "2019.04.13"]
[Round "7.22"]
[White "Tenuunbold, Battulga"]
[Black "Byambaa, Zulzaga"]
[Result "1-0"]
[WhiteElo "1692"]
[BlackElo "2168"]
[Annotator "TA"]
[PlyCount "85"]
[EventDate "2019.04.07"]
[EventType "swiss"]
[EventRounds "9"]
[EventCountry "MGL"]
[SourceTitle "playchess.com"]
[Source "ChessBase"]
[SourceQuality "1"]

{[%evp 18,85,39,43,38,17,31,16,30,30,86,58,122,100,125,102,127,87,103,95,97,69,124,14,10,-15,-6,-15,-23,-8,-3,-20,-14,-16,-14,-11,0,0,16,-116,-122,-128,-108,-110,-109,-172,-134,-136,-134,-129,-136,-128,0,0,0,-118,0,0,567,559,504,283,893,863,823,750,733,727,689,675]} 1. d4 Nf6 2. c4 g6 3. Nc3 Bg7 4. e4 d6 5. Nf3 O-O 6. Be2 e5 7. O-O Nc6 8. d5 Ne7 9. Be3 Ng4 10. Bg5 h6 {E97: King's Indian: Classical Main Line (6...e5 7 0-0 Nc6): 8 Be3 and 8 d5 Ne7, not 9 Ne1} (10... f6 11. Bh4 Nh6 12. Nd2 g5 13. Bg3 Ng6 14. Re1 Nf4 15. Bf1 g4 16. Rc1 f5 17. exf5 Nxf5 18. Bxf4 exf4 19. Qxg4 Ne3 20. Qe2 Bg4 21. Qd3 {½-½ (62) Paravyan,D (2528)-Smirin,I (2685) St Petersburg 2016}) 11. Bh4 f5 12. Nd2 Nf6 {The position is equal.} 13. f3 f4 (13... fxe4 $11 {keeps the balance.} 14. fxe4 (14. Ncxe4 Nf5 $11) 14... g5) 14. Bf2 Ne8 (14... c5 $14) 15. c5 g5 16. cxd6 cxd6 17. Rc1 $146 ({Predecessor:} 17. a4 h5 18. Nc4 Rf6 19. a5 Rg6 20. Nb5 g4 21. Nxa7 {½-½ (35) Murugan,K (2430)-Ledger,D (2295) Dundee 1993}) 17... Rf7 18. Qb3 Ng6 19. Nc4 h5 20. Nb5 (20. Qa3 $1 $16) 20... g4 $1 $11 21. Qa3 {[%cal Rc4d6]} g3 $1 22. hxg3 fxg3 23. Bxg3 {[%cal Rc4d6]} Qg5 24. f4 (24. Ncxd6 Nxd6 25. Nxd6 Qxg3 $15) 24... exf4 $40 {[%mdl 128] Black has some attack.} 25. Bf2 $1 ({Don't go for} 25. Ncxd6 $2 Nxd6 26. Nxd6 fxg3 $19) 25... Bg4 26. Bf3 $1 ({But not} 26. Nbxd6 Bxe2 27. Nxf7 Kxf7 $17) 26... Bf8 27. Nd4 Rg7 {With the idea ...Ne5.} 28. Bxg4 (28. Ne6 $11 {remains equal.} Bxe6 29. dxe6) 28... hxg4 $17 29. Ne6 Qh5 30. Nxg7 Bxg7 31. g3 (31. Nxd6 $2 g3 $19) (31. Rfd1 $17 {was necessary.}) 31... f3 {[%mdl 1024] White must now prevent ...Qh3. Black has strong compensation.} 32. Ne3 Qh3 $1 {And now ...Bd4 would win.} 33. Rc2 {[#] aiming for Be1.} Bd4 $1 {Strongly threatening ...Ne5.} 34. Be1 Qh6 35. Bf2 Qh3 36. Be1 $1 Qh6 (36... Ne5 $17 37. Rh2 {[#]} f2+ $1 {[%mdl 576] Decoy} 38. Rhxf2 Qxg3+ {[%mdl 64] Double Attack} 39. Kh1 Qxe3 40. Rf8+ Kh7 41. Qxe3 Bxe3) 37. Bf2 $11 Qh5 $2 {[%mdl 8192]} (37... Qh3 $11 38. Be1) 38. Nf5 $18 {[%mdl 64] Double Attack} Bxf2+ 39. Rcxf2 Rd8 $2 (39... Qg5 40. Rh2 (40. Nxd6 Qe5 $16) 40... Ne5 41. Nxd6 Nxd6 42. Qxd6 Re8) 40. Qe3 {Hoping for Rh2.White is clearly winning.} Ng7 41. Qh6 {[%csl Gf5][%cal Rh6g7]} Rd7 42. Rh2 Qxh6 43. Nxh6+ {Accuracy: White = 49%, Black = 57%.} 1-0

[Event "Asian Zonal 3.3 2019"]
[Site "Ulaanbaatar"]
[Date "2019.04.13"]
[Round "7.23"]
[White "Danzanjunai, Ganbat"]
[Black "Amgalantengis, Enkh-Amgalan"]
[Result "0-1"]
[WhiteElo "1608"]
[BlackElo "1832"]
[Annotator "NA RC"]
[PlyCount "108"]
[EventDate "2019.04.07"]
[EventType "swiss"]
[EventRounds "9"]
[EventCountry "MGL"]
[SourceTitle "playchess.com"]
[Source "ChessBase"]
[SourceQuality "1"]
[TimeControl "40/5400+30:1800+30"]

1. e4 c6 2. d4 d5 3. exd5 cxd5 4. Bd3 Nc6 5. c3 Nf6 6. Bf4 e6 7. Nf3 Bd6 8. Bg3 Ne4 9. Nbd2 Nxg3 10. hxg3 h6 11. Qe2 Bd7 12. Ne5 Nxe5 13. dxe5 Bc5 14. Nb3 Qb6 15. O-O O-O 16. g4 Be7 17. g3 f6 18. c4 fxe5 19. cxd5 Bf6 20. dxe6 Bxe6 21. Qe4 Rfd8 22. Rfd1 Rac8 23. Rac1 Rxc1 24. Rxc1 Bd5 25. Bc4 Bxc4 26. Qxc4+ Kh8 27. Qc5 Qxc5 28. Nxc5 Rc8 29. Nd3 Rd8 30. Nc5 Rc8 31. Nd3 Rxc1+ 32. Nxc1 Kg8 33. Kg2 Kf7 34. Kf3 e4+ 35. Kxe4 Bxb2 36. Nd3 Bf6 37. f4 Ke7 38. Kf5 Kd6 39. Kg6 b5 40. Kf5 a5 41. g5 hxg5 42. fxg5 Bc3 43. Ke4 b4 44. Nf4 Be5 45. Kd3 a4 46. Kc2 Bxf4 47. gxf4 Ke6 48. Kd3 b3 49. axb3 axb3 50. Kc3 Kf5 51. Kxb3 Kxf4 52. g6 Kf5 53. Kc4 Kxg6 54. Kd3 Kf5 0-1